Atmospheric pollution and environmental change (Record no. 84452)
[ view plain ]
| 000 -LEADER | |
|---|---|
| fixed length control field | 00924nam a2200217 a 4500 |
| 008 - FIXED-LENGTH DATA ELEMENTS--GENERAL INFORMATION | |
| fixed length control field | 081209s2005 ||||||||||||||||| || u |
| 020 ## - INTERNATIONAL STANDARD BOOK NUMBER | |
| International Standard Book Number | 0340719591 |
| 050 ## - LIBRARY OF CONGRESS CALL NUMBER | |
| Classification number | TD 883.1 Met |
| 100 ## - MAIN ENTRY--PERSONAL NAME | |
| Personal name | Metcalfe, Sarah |
| 245 10 - TITLE STATEMENT | |
| Title | Atmospheric pollution and environmental change |
| Statement of responsibility, etc. | Sarah Metcalfe and Dick Derwent |
| 260 ## - PUBLICATION, DISTRIBUTION, ETC. | |
| Place of publication, distribution, etc. | London |
| Name of publisher, distributor, etc. | Hodder Arnold |
| Date of publication, distribution, etc. | 2005 |
| 300 ## - PHYSICAL DESCRIPTION | |
| Extent | xi, 196p.: ill. |
| 350 ## - | |
| -- | 0.00 |
| 490 ## - | |
| -- | Key issues in environmental change |
| 650 ## - SUBJECT ADDED ENTRY--TOPICAL TERM | |
| Topical term or geographic name entry element | AIR--POLLUTION |
| 650 ## - SUBJECT ADDED ENTRY--TOPICAL TERM | |
| Topical term or geographic name entry element | AIR |
| 650 ## - SUBJECT ADDED ENTRY--TOPICAL TERM | |
| Topical term or geographic name entry element | POLLUTION--ENVIRONMENTAL ASPECTS |
| 700 ## - ADDED ENTRY--PERSONAL NAME | |
| Personal name | Derwent, Dick |
| 995 ## - | |
| -- | MAIN LIBRARY OPEN ACCESS |
| -- | 0.00 |
| -- | 739929 |
| -- | CBU-MAIN LIBRARY (Kitwe) |
| -- | 1 |
| -- | 0.00 |
| -- | TD 883.1 Met |
| -- | 2 |
| -- | AVAILABLE |
| -- | May 19, 2009 |
| -- | 739929 |
| -- | Main Library Open Access Collection |
| 995 ## - | |
| -- | MAIN LIBRARY OPEN ACCESS |
| -- | 0.00 |
| -- | 739132 |
| -- | CBU-MAIN LIBRARY (Kitwe) |
| -- | 1 |
| -- | 0.00 |
| -- | TD 883.1 Met |
| -- | 1 |
| -- | AVAILABLE |
| -- | Jan 30, 2009 |
| -- | 739132 |
| -- | Main Library Open Access Collection |
| 999 ## - | |
| -- | 84452 |
| -- | 84452 |
| Withdrawn status | Lost status | Source of classification or shelving scheme | Damaged status | Not for loan | Permanent Location | Current Location | Shelving location | Date acquired | Total Checkouts | Full call number | Barcode | Date last seen | Copy number | Price effective from | Koha item type |
|---|---|---|---|---|---|---|---|---|---|---|---|---|---|---|---|
| CBU-MAIN LIBRARY, KITWE. | CBU-MAIN LIBRARY, KITWE. | 01/25/2024 | TD 883.1 Met | 739929 | 01/25/2024 | 1 | 01/25/2024 | MONOGRAPH | |||||||
| CBU-MAIN LIBRARY, KITWE. | CBU-MAIN LIBRARY, KITWE. | 01/25/2024 | TD 883.1 Met | 739132 | 01/25/2024 | 2 | 01/25/2024 | MONOGRAPH |